[Event "World Youth & Cadets Blitz Championships"]
[Site "Rhodes, Greece"]
[Date "2022.05.03"]
[Round "1.7"]
[White "Tarhan, Adar"]
[Black "Nareks, Matic"]
[Result "0-1"]
[TimeControl "5'/game & 2\"/move"]
[WhiteElo "1802"]
[BlackElo "2147"]

1. d4 {[%clk 00:04:59]} {[%emt 00:00:06]} d5 {[%clk 00:05:03]} {[%emt
00:00:01]} 2. Nf3 {[%clk 00:04:59]} {[%emt 00:00:01]} Nf6 {[%clk 00:05:03]}
{[%emt 00:00:03]} 3. c4 {[%clk 00:05:00]} dxc4 {[%clk 00:05:04]} {[%emt
00:00:01]} 4. Nc3 {[%clk 00:04:58]} {[%emt 00:00:04]} a6 {[%clk 00:05:05]} 5.
a4 {[%clk 00:04:58]} {[%emt 00:00:02]} c5 {[%clk 00:05:04]} {[%emt 00:00:02]} 6.
e3 {[%clk 00:04:54]} {[%emt 00:00:07]} cxd4 {[%clk 00:05:00]} {[%emt 00:00:06]}
7. exd4 {[%clk 00:04:54]} {[%emt 00:00:03]} Be6 {[%clk 00:04:56]} {[%emt
00:00:06]} 8. Ng5 {[%clk 00:04:41]} {[%emt 00:00:14]} Bg4 {[%clk 00:04:46]}
{[%emt 00:00:11]} 9. f3 {[%clk 00:04:36]} {[%emt 00:00:07]} Bf5 {[%clk
00:04:47]} {[%emt 00:00:02]} 10. Bxc4 {[%clk 00:04:35]} {[%emt 00:00:03]} e6
{[%clk 00:04:48]} 11. O-O {[%clk 00:04:32]} {[%emt 00:00:05]} Be7 {[%clk
00:04:45]} {[%emt 00:00:05]} 12. Nge4 {[%clk 00:04:26]} {[%emt 00:00:08]} O-O
{[%clk 00:04:42]} {[%emt 00:00:05]} 13. Be3 {[%clk 00:04:26]} {[%emt 00:00:03]}
Nc6 {[%clk 00:04:39]} {[%emt 00:00:04]} 14. Qd2 {[%clk 00:04:14]} {[%emt
00:00:14]} Rc8 {[%clk 00:04:25]} {[%emt 00:00:17]} 15. Ba2 {[%clk 00:03:45]}
{[%emt 00:00:31]} Qa5 {[%clk 00:04:21]} {[%emt 00:00:06]} 16. Rfd1 {[%clk
00:03:40]} {[%emt 00:00:07]} Rfd8 {[%clk 00:04:20]} {[%emt 00:00:02]} 17. Qf2
{[%clk 00:03:38]} {[%emt 00:00:04]} Nb4 {[%clk 00:04:07]} {[%emt 00:00:15]} 18.
Bb3 {[%clk 00:03:31]} {[%emt 00:00:09]} Nfd5 {[%clk 00:04:03]} {[%emt
00:00:06]} 19. Rac1 {[%clk 00:03:24]} {[%emt 00:00:09]} Nxe3 {[%emt 00:00:10]}
20. Qxe3 {[%clk 00:03:25]} {[%emt 00:00:01]} Qb6 {[%clk 00:03:56]} 21. Ne2
{[%clk 00:03:08]} {[%emt 00:00:18]} Nd5 {[%clk 00:03:38]} {[%emt 00:00:21]} 22.
Bxd5 {[%clk 00:03:09]} {[%emt 00:00:01]} Rxc1 {[%clk 00:03:39]} {[%emt
00:00:02]} 23. Rxc1 {[%clk 00:03:09]} {[%emt 00:00:02]} Rxd5 {[%clk 00:03:37]}
{[%emt 00:00:03]} 24. Rc8+ {[%clk 00:02:56]} {[%emt 00:00:15]} Rd8 {[%clk
00:03:38]} {[%emt 00:00:01]} 25. Qc3 {[%clk 00:02:54]} {[%emt 00:00:04]} e5
{[%clk 00:02:54]} {[%emt 00:00:47]} 26. Rxd8+ {[%clk 00:02:48]} {[%emt
00:00:08]} Bxd8 {[%clk 00:02:54]} {[%emt 00:00:01]} 27. Nc5 {[%clk 00:02:31]}
{[%emt 00:00:18]} exd4 {[%clk 00:02:48]} {[%emt 00:00:09]} 28. Qxd4 {[%clk
00:02:32]} Bf6 {[%clk 00:02:38]} {[%emt 00:00:12]} 29. Qd5 {[%clk 00:02:07]}
{[%emt 00:00:25]} Be6 {[%clk 00:02:37]} {[%emt 00:00:06]} 30. a5 {[%clk
00:01:49]} {[%emt 00:00:20]} Qxa5 {[%clk 00:02:27]} {[%emt 00:00:11]} 31. Qd6
{[%clk 00:01:21]} {[%emt 00:00:31]} Qe1# {[%clk 00:02:27]} {[%emt 00:00:02]}
0-1

[Event "World Youth & Cadets Blitz Championships"]
[Site "Rhodes, Greece"]
[Date "2022.05.03"]
[Round "1.8"]
[White "Olenik Campa, Rudi"]
[Black "Klugstedt, Vincent"]
[Result "1-0"]
[TimeControl "5'/game & 2\"/move"]
[WhiteElo "2076"]
[BlackElo "1796"]

1. g3 {[%clk 00:05:03]} Nf6 {[%clk 00:04:58]} {[%emt 00:00:07]} 2. Bg2 {[%clk
00:05:03]} {[%emt 00:00:01]} d5 {[%clk 00:04:55]} {[%emt 00:00:04]} 3. Nf3
{[%clk 00:04:54]} {[%emt 00:00:11]} c5 {[%clk 00:04:56]} {[%emt 00:00:02]} 4.
O-O {[%clk 00:04:51]} {[%emt 00:00:05]} Nc6 {[%clk 00:04:57]} {[%emt 00:00:01]}
5. d4 {[%clk 00:04:48]} {[%emt 00:00:06]} e6 {[%clk 00:04:38]} {[%emt
00:00:21]} 6. e3 {[%clk 00:04:38]} {[%emt 00:00:11]} Be7 {[%clk 00:04:28]}
{[%emt 00:00:12]} 7. b3 {[%clk 00:04:39]} {[%emt 00:00:02]} O-O {[%clk
00:04:23]} {[%emt 00:00:07]} 8. Bb2 {[%clk 00:04:40]} b6 {[%clk 00:04:23]}
{[%emt 00:00:02]} 9. Nbd2 {[%clk 00:04:37]} {[%emt 00:00:04]} Bb7 {[%clk
00:04:23]} {[%emt 00:00:02]} 10. c4 {[%clk 00:04:38]} {[%emt 00:00:01]} cxd4
{[%clk 00:04:18]} {[%emt 00:00:07]} 11. exd4 {[%clk 00:04:38]} {[%emt
00:00:02]} Rc8 {[%clk 00:04:07]} {[%emt 00:00:13]} 12. Rc1 {[%clk 00:04:39]}
Na5 {[%clk 00:03:53]} {[%emt 00:00:17]} 13. Ne5 {[%clk 00:04:09]} {[%emt
00:00:31]} Ba6 {[%clk 00:03:27]} {[%emt 00:00:29]} 14. Re1 {[%clk 00:03:53]}
{[%emt 00:00:17]} Bb4 {[%clk 00:03:20]} {[%emt 00:00:09]} 15. cxd5 {[%clk
00:01:58]} {[%emt 00:01:57]} Nxd5 {[%clk 00:03:00]} {[%emt 00:00:21]} 16. Be4
{[%clk 00:00:59]} {[%emt 00:01:02]} Nf6 {[%clk 00:02:52]} {[%emt 00:00:10]} 17.
Bf3 {[%clk 00:00:42]} {[%emt 00:00:19]} Bb7 {[%clk 00:02:34]} {[%emt 00:00:20]}
18. Bxb7 {[%clk 00:00:32]} {[%emt 00:00:12]} Nxb7 {[%clk 00:02:35]} 19. a3
{[%clk 00:00:33]} {[%emt 00:00:01]} Rxc1 {[%clk 00:02:06]} {[%emt 00:00:31]} 20.
Qxc1 {[%clk 00:00:33]} {[%emt 00:00:03]} Bd6 {[%clk 00:01:59]} {[%emt
00:00:09]} 21. Ndc4 {[%clk 00:00:31]} {[%emt 00:00:03]} b5 {[%clk 00:01:33]}
{[%emt 00:00:27]} 22. Nxd6 {[%clk 00:00:13]} {[%emt 00:00:21]} Qxd6 {[%clk
00:01:35]} {[%emt 00:00:02]} 23. Rd1 {[%clk 00:00:13]} {[%emt 00:00:04]} Nd5
{[%clk 00:01:19]} {[%emt 00:00:18]} 24. Qc2 {[%clk 00:00:14]} {[%emt 00:00:02]}
f6 {[%clk 00:01:14]} {[%emt 00:00:06]} 25. Nd3 {[%clk 00:00:13]} {[%emt
00:00:03]} Ne7 {[%clk 00:01:10]} {[%emt 00:00:06]} 26. Qe2 {[%clk 00:00:13]}
{[%emt 00:00:02]} Rc8 {[%clk 00:01:07]} {[%emt 00:00:05]} 27. Re1 {[%clk
00:00:12]} {[%emt 00:00:02]} Kf7 {[%clk 00:01:06]} {[%emt 00:00:04]} 28. Nf4
{[%clk 00:00:13]} {[%emt 00:00:01]} Nd8 {[%clk 00:01:07]} {[%emt 00:00:02]} 29.
Qe4 {[%clk 00:00:12]} {[%emt 00:00:02]} Ng6 {[%clk 00:01:03]} {[%emt 00:00:06]}
30. Nd3 {[%clk 00:00:08]} {[%emt 00:00:06]} Qc6 {[%clk 00:00:56]} {[%emt
00:00:09]} 31. Qe3 {[%clk 00:00:08]} {[%emt 00:00:01]} Rc7 {[%clk 00:00:52]}
{[%emt 00:00:07]} 32. h4 {[%clk 00:00:08]} {[%emt 00:00:02]} Re7 {[%clk
00:00:51]} {[%emt 00:00:03]} 33. h5 {[%clk 00:00:08]} {[%emt 00:00:02]} Nf8
{[%clk 00:00:49]} {[%emt 00:00:04]} 34. Rc1 {[%clk 00:00:09]} Qd5 {[%clk
00:00:47]} {[%emt 00:00:04]} 35. b4 {[%clk 00:00:08]} {[%emt 00:00:03]} Qxh5
{[%clk 00:00:44]} {[%emt 00:00:05]} 36. Rc5 {[%clk 00:00:08]} {[%emt 00:00:02]}
Qd1+ {[%clk 00:00:45]} {[%emt 00:00:01]} 37. Kg2 {[%clk 00:00:10]} a6 {[%clk
00:00:39]} {[%emt 00:00:08]} 38. Rc8 {[%clk 00:00:10]} {[%emt 00:00:02]} Nb7
{[%clk 00:00:37]} {[%emt 00:00:04]} 39. Ra8 {[%clk 00:00:09]} {[%emt 00:00:02]}
Nd6 {[%clk 00:00:37]} {[%emt 00:00:03]} 40. Qf3 {[%clk 00:00:04]} {[%emt
00:00:06]} Qxf3+ {[%clk 00:00:29]} {[%emt 00:00:10]} 41. Kxf3 {[%clk 00:00:05]}
{[%emt 00:00:01]} Nc4 {[%clk 00:00:30]} 42. Bc1 {[%clk 00:00:05]} Nd7 {[%clk
00:00:26]} {[%emt 00:00:07]} 43. Rxa6 {[%clk 00:00:05]} {[%emt 00:00:02]} e5
{[%clk 00:00:26]} {[%emt 00:00:01]} 44. dxe5 {[%clk 00:00:06]} {[%emt
00:00:02]} Ndxe5+ {[%clk 00:00:27]} {[%emt 00:00:01]} 45. Nxe5+ {[%clk
00:00:07]} Nxe5+ {[%clk 00:00:28]} {[%emt 00:00:01]} 46. Kg2 {[%clk 00:00:08]}
{[%emt 00:00:01]} Rc7 {[%clk 00:00:29]} {[%emt 00:00:01]} 47. Be3 {[%clk
00:00:09]} {[%emt 00:00:01]} Nc4 {[%clk 00:00:28]} {[%emt 00:00:03]} 48. Bc5
{[%clk 00:00:10]} {[%emt 00:00:01]} Rb7 {[%clk 00:00:24]} {[%emt 00:00:06]} 49.
Ra8 {[%clk 00:00:11]} Ke6 {[%clk 00:00:23]} {[%emt 00:00:03]} 50. Kf3 {[%clk
00:00:12]} {[%emt 00:00:01]} Kf5 {[%clk 00:00:21]} {[%emt 00:00:04]} 51. Rh8
{[%clk 00:00:11]} {[%emt 00:00:03]} h6 {[%clk 00:00:20]} {[%emt 00:00:02]} 52.
Ra8 {[%clk 00:00:12]} h5 {[%clk 00:00:20]} {[%emt 00:00:03]} 53. Ke2 {[%clk
00:00:12]} {[%emt 00:00:02]} g5 {[%clk 00:00:19]} {[%emt 00:00:03]} 54. a4
{[%clk 00:00:12]} {[%emt 00:00:02]} bxa4 {[%clk 00:00:18]} {[%emt 00:00:03]} 55.
Rxa4 {[%clk 00:00:13]} h4 {[%clk 00:00:15]} {[%emt 00:00:05]} 56. gxh4 {[%clk
00:00:09]} {[%emt 00:00:06]} gxh4 {[%clk 00:00:16]} 57. Ra1 {[%clk 00:00:08]}
{[%emt 00:00:02]} h3 {[%emt 00:00:10]} 58. Kf3 {[%clk 00:00:08]} Rg7 {[%clk
00:00:07]} {[%emt 00:00:06]} 59. Rh1 {[%clk 00:00:08]} {[%emt 00:00:02]} Ne5+
{[%clk 00:00:08]} 60. Ke2 {[%clk 00:00:07]} {[%emt 00:00:02]} Rh7 {[%clk
00:00:09]} {[%emt 00:00:02]} 61. b5 {[%clk 00:00:05]} {[%emt 00:00:04]} Ke4
{[%clk 00:00:09]} {[%emt 00:00:02]} 62. b6 {[%clk 00:00:05]} {[%emt 00:00:02]}
Kd5 {[%clk 00:00:10]} 63. Be3 {[%clk 00:00:06]} {[%emt 00:00:01]} Nc4 {[%clk
00:00:10]} {[%emt 00:00:02]} 64. Rb1 {[%clk 00:00:03]} {[%emt 00:00:05]} Nxe3
{[%clk 00:00:09]} {[%emt 00:00:03]} 65. Kxe3 {[%clk 00:00:04]} {[%emt
00:00:01]} Kc6 {[%clk 00:00:04]} {[%emt 00:00:07]} 66. Kf3 {[%clk 00:00:05]}
{[%emt 00:00:01]} h2 {[%clk 00:00:04]} {[%emt 00:00:03]} 67. Kg2 {[%clk
00:00:05]} {[%emt 00:00:02]} h1=Q+ {[%clk 00:00:03]} {[%emt 00:00:03]} 68. Rxh1
{[%clk 00:00:05]} {[%emt 00:00:01]} Rxh1 {[%clk 00:00:04]} {[%emt 00:00:02]} 69.
Kxh1 {[%clk 00:00:05]} Kxb6 {[%clk 00:00:05]} 70. Kg2 {[%clk 00:00:06]} {[%emt
00:00:01]} Kc5 {[%clk 00:00:07]} 71. Kf3 {[%clk 00:00:06]} Kd5 {[%clk
00:00:07]} {[%emt 00:00:02]} 72. Kf4 {[%clk 00:00:07]} Ke6 {[%clk 00:00:08]} 73.
Ke4 {[%clk 00:00:08]} {[%emt 00:00:01]} Kf7 {[%clk 00:00:10]} 74. Kf5 {[%clk
00:00:09]} {[%emt 00:00:02]} Ke7 {[%clk 00:00:11]} 75. Kg6 {[%clk 00:00:05]}
{[%emt 00:00:06]} Ke6 {[%clk 00:00:12]} {[%emt 00:00:01]} 76. f4 {[%clk
00:00:05]} {[%emt 00:00:02]} Ke7 {[%clk 00:00:06]} {[%emt 00:00:08]} 77. f5
{[%clk 00:00:06]} Ke8 {[%clk 00:00:07]} 78. Kxf6 {[%clk 00:00:07]} {[%emt
00:00:02]} Kf8 {[%clk 00:00:08]} 79. Ke6 {[%clk 00:00:07]} Ke8 {[%clk
00:00:09]} {[%emt 00:00:01]} 80. f6 {[%clk 00:00:07]} {[%emt 00:00:03]} Kf8
{[%clk 00:00:10]} 81. f7 {[%clk 00:00:08]} {[%emt 00:00:01]} Kg7 {[%clk
00:00:11]} 82. Ke7 {[%clk 00:00:09]} {[%emt 00:00:01]} 1-0

[Event "World Youth & Cadets Blitz Championships"]
[Site "Rhodes, Greece"]
[Date "2022.05.03"]
[Round "1.9"]
[White "Hagner, Bennet"]
[Black "Pal, Rohan"]
[Result "1-0"]
[TimeControl "5'/game & 2\"/move"]
[WhiteElo "2044"]
[BlackElo "1532"]

1. e4 {[%clk 00:05:03]} c5 {[%clk 00:05:03]} {[%emt 00:00:02]} 2. Nf3 {[%clk
00:05:04]} {[%emt 00:00:01]} Nc6 {[%clk 00:05:04]} {[%emt 00:00:01]} 3. Nc3
{[%clk 00:05:04]} {[%emt 00:00:01]} g6 {[%clk 00:04:34]} {[%emt 00:00:32]} 4.
d4 {[%clk 00:05:05]} {[%emt 00:00:02]} cxd4 {[%clk 00:04:35]} {[%emt 00:00:01]}
5. Nxd4 {[%clk 00:05:05]} {[%emt 00:00:02]} Bg7 {[%clk 00:04:35]} {[%emt
00:00:02]} 6. Be3 {[%clk 00:05:06]} {[%emt 00:00:01]} Nf6 {[%emt 00:00:07]} 7.
Bc4 {[%clk 00:05:06]} Qa5 {[%clk 00:04:29]} {[%emt 00:00:04]} 8. O-O {[%clk
00:05:01]} {[%emt 00:00:07]} O-O {[%clk 00:04:13]} {[%emt 00:00:17]} 9. h3
{[%clk 00:04:56]} {[%emt 00:00:07]} d6 {[%clk 00:04:06]} {[%emt 00:00:09]} 10.
Nd5 {[%clk 00:04:51]} {[%emt 00:00:07]} Nxd5 {[%clk 00:03:47]} {[%emt
00:00:21]} 11. exd5 {[%clk 00:04:50]} {[%emt 00:00:03]} Nxd4 {[%clk 00:03:18]}
{[%emt 00:00:32]} 12. Bxd4 {[%clk 00:04:51]} {[%emt 00:00:01]} Bf5 {[%clk
00:03:05]} {[%emt 00:00:15]} 13. Bxg7 {[%clk 00:04:24]} {[%emt 00:00:28]} Kxg7
{[%clk 00:03:06]} {[%emt 00:00:02]} 14. Re1 {[%emt 00:00:37]} Qc5 {[%clk
00:02:26]} {[%emt 00:00:07]} 15. Bb3 {[%emt 00:00:12]} Rfe8 {[%emt 00:00:40]}
16. Re3 {[%clk 00:03:42]} Rac8 {[%emt 00:00:26]} 17. Qe2 {[%clk 00:03:22]}
{[%emt 00:00:13]} Rc7 {[%clk 00:01:37]} {[%emt 00:00:32]} 18. Re1 {[%emt
00:00:47]} b5 {[%clk 00:01:21]} {[%emt 00:00:16]} 19. Rc3 {[%clk 00:02:20]}
{[%emt 00:00:21]} Qb6 {[%clk 00:01:15]} {[%emt 00:00:08]} 20. Rxc7 {[%clk
00:02:20]} {[%emt 00:00:01]} Qxc7 {[%clk 00:01:16]} {[%emt 00:00:02]} 21. Qxb5
{[%clk 00:02:20]} {[%emt 00:00:02]} Rb8 {[%clk 00:00:51]} {[%emt 00:00:27]} 22.
Qe2 {[%clk 00:02:20]} {[%emt 00:00:01]} Rb7 {[%clk 00:00:38]} {[%emt 00:00:16]}
23. c3 {[%clk 00:02:00]} {[%emt 00:00:21]} Qc5 {[%clk 00:00:32]} {[%emt
00:00:09]} 24. Qd2 {[%clk 00:01:54]} {[%emt 00:00:08]} a5 {[%clk 00:00:24]}
{[%emt 00:00:10]} 25. Re3 {[%clk 00:01:26]} {[%emt 00:00:29]} Qb6 {[%clk
00:00:16]} {[%emt 00:00:11]} 26. Qe2 {[%clk 00:01:21]} {[%emt 00:00:07]} Qc7
{[%clk 00:00:13]} {[%emt 00:00:05]} 27. Ba4 {[%clk 00:01:18]} {[%emt 00:00:04]}
h6 {[%clk 00:00:11]} {[%emt 00:00:05]} 28. Bc6 {[%clk 00:01:18]} {[%emt
00:00:02]} Ra7 {[%emt 00:00:06]} 29. Qb5 {[%clk 00:01:12]} {[%emt 00:00:05]}
Ra8 {[%clk 00:00:05]} {[%emt 00:00:06]} 30. Bxa8 {[%clk 00:01:12]} {[%emt
00:00:03]} 1-0

[Event "World Youth & Cadets Blitz Championships"]
[Site "Rhodes, Greece"]
[Date "2022.05.03"]
[Round "1.10"]
[White "Pallum, Rasmus"]
[Black "Lavrencic, Matic"]
[Result "0-1"]
[TimeControl "5'/game & 2\"/move"]
[WhiteElo "1471"]
[BlackElo "2037"]

1. e4 {[%clk 00:05:02]} {[%emt 00:00:02]} c5 {[%clk 00:05:03]} {[%emt
00:00:01]} 2. Nf3 {[%clk 00:05:01]} {[%emt 00:00:03]} d6 {[%clk 00:05:04]}
{[%emt 00:00:01]} 3. d4 {[%clk 00:05:00]} {[%emt 00:00:03]} cxd4 {[%clk
00:05:04]} {[%emt 00:00:02]} 4. Nxd4 {[%clk 00:05:00]} {[%emt 00:00:02]} Nf6
{[%clk 00:05:04]} {[%emt 00:00:01]} 5. Nc3 {[%clk 00:04:59]} {[%emt 00:00:04]}
a6 {[%clk 00:05:05]} {[%emt 00:00:01]} 6. f3 {[%clk 00:04:53]} {[%emt
00:00:08]} e5 {[%clk 00:05:04]} {[%emt 00:00:03]} 7. Nb3 {[%clk 00:04:52]}
{[%emt 00:00:03]} Be6 {[%clk 00:05:04]} {[%emt 00:00:02]} 8. Be3 {[%clk
00:04:50]} {[%emt 00:00:04]} h5 {[%clk 00:04:51]} {[%emt 00:00:14]} 9. Qd2
{[%clk 00:04:21]} {[%emt 00:00:31]} Nbd7 {[%clk 00:04:51]} {[%emt 00:00:03]} 10.
Be2 {[%clk 00:04:09]} {[%emt 00:00:14]} Rc8 {[%clk 00:04:45]} {[%emt 00:00:07]}
11. O-O {[%clk 00:03:34]} {[%emt 00:00:37]} Be7 {[%clk 00:04:44]} {[%emt
00:00:04]} 12. Kh1 {[%clk 00:03:08]} {[%emt 00:00:28]} Qc7 {[%clk 00:04:36]}
{[%emt 00:00:10]} 13. Bd3 {[%clk 00:02:33]} {[%emt 00:00:37]} O-O {[%clk
00:04:24]} {[%emt 00:00:14]} 14. Ne2 {[%clk 00:02:25]} {[%emt 00:00:10]} d5
{[%clk 00:04:16]} {[%emt 00:00:10]} 15. exd5 {[%clk 00:01:48]} {[%emt
00:00:39]} Nxd5 {[%clk 00:04:15]} {[%emt 00:00:03]} 16. Bg1 {[%clk 00:01:39]}
{[%emt 00:00:12]} Nb4 {[%clk 00:03:55]} {[%emt 00:00:21]} 17. Nc3 {[%clk
00:00:36]} {[%emt 00:01:05]} Nxd3 {[%clk 00:03:50]} {[%emt 00:00:07]} 18. cxd3
{[%clk 00:00:37]} {[%emt 00:00:02]} Rfd8 {[%clk 00:03:38]} {[%emt 00:00:13]} 19.
Rac1 {[%clk 00:00:25]} {[%emt 00:00:14]} Qb8 {[%clk 00:03:31]} {[%emt
00:00:09]} 20. Ne4 {[%clk 00:00:19]} {[%emt 00:00:08]} f6 {[%clk 00:03:00]}
{[%emt 00:00:33]} 21. Nbc5 {[%clk 00:00:12]} {[%emt 00:00:09]} Nxc5 {[%clk
00:02:53]} {[%emt 00:00:09]} 22. Bxc5 {[%clk 00:00:10]} {[%emt 00:00:04]} Bxc5
{[%clk 00:02:30]} {[%emt 00:00:25]} 23. Nxc5 {[%clk 00:00:10]} {[%emt
00:00:01]} Bf7 {[%clk 00:02:20]} {[%emt 00:00:13]} 24. b4 {[%clk 00:00:00]}
{[%emt 00:00:10]} 0-1

[Event "World Youth & Cadets Blitz Championships"]
[Site "Rhodes, Greece"]
[Date "2022.05.03"]
[Round "1.11"]
[White "Seemann, Jakub"]
[Black "Soojay, Jorah"]
[Result "1-0"]
[TimeControl "5'/game & 2\"/move"]
[WhiteElo "2003"]
[BlackElo "1463"]

1. e4 {[%clk 00:05:03]} {[%emt 00:00:01]} e6 {[%clk 00:05:02]} {[%emt
00:00:02]} 2. d4 {[%clk 00:05:04]} {[%emt 00:00:01]} d5 {[%clk 00:05:03]}
{[%emt 00:00:02]} 3. Nd2 {[%clk 00:05:04]} {[%emt 00:00:01]} c5 {[%clk
00:05:03]} {[%emt 00:00:02]} 4. Ngf3 {[%clk 00:04:57]} {[%emt 00:00:09]} Nc6
{[%clk 00:05:04]} 5. exd5 {[%clk 00:04:56]} {[%emt 00:00:02]} exd5 {[%clk
00:05:04]} {[%emt 00:00:02]} 6. Bb5 {[%clk 00:04:56]} {[%emt 00:00:02]} Bd7
{[%clk 00:05:00]} {[%emt 00:00:05]} 7. O-O {[%clk 00:04:54]} {[%emt 00:00:04]}
Bd6 {[%clk 00:04:53]} {[%emt 00:00:10]} 8. dxc5 {[%clk 00:04:54]} {[%emt
00:00:02]} Bxc5 {[%clk 00:04:54]} {[%emt 00:00:01]} 9. Nb3 {[%clk 00:04:53]}
{[%emt 00:00:03]} Bb6 {[%clk 00:04:47]} {[%emt 00:00:08]} 10. c3 {[%clk
00:04:51]} {[%emt 00:00:04]} Nge7 {[%clk 00:04:42]} {[%emt 00:00:07]} 11. h3
{[%clk 00:04:40]} {[%emt 00:00:13]} O-O {[%clk 00:04:41]} {[%emt 00:00:04]} 12.
Bd3 {[%clk 00:04:37]} {[%emt 00:00:05]} h6 {[%clk 00:04:40]} {[%emt 00:00:03]}
13. Nbd4 {[%clk 00:04:36]} {[%emt 00:00:03]} Nxd4 {[%clk 00:04:39]} {[%emt
00:00:02]} 14. Nxd4 {[%clk 00:04:37]} {[%emt 00:00:02]} Bxd4 {[%clk 00:04:37]}
{[%emt 00:00:04]} 15. cxd4 {[%clk 00:04:37]} {[%emt 00:00:01]} Nc6 {[%clk
00:04:38]} {[%emt 00:00:02]} 16. Be3 {[%clk 00:04:36]} {[%emt 00:00:03]} Re8
{[%clk 00:04:39]} {[%emt 00:00:01]} 17. a3 {[%clk 00:04:36]} {[%emt 00:00:02]}
a6 {[%clk 00:04:38]} {[%emt 00:00:04]} 18. Rc1 {[%clk 00:04:36]} {[%emt
00:00:01]} Rc8 {[%clk 00:04:39]} {[%emt 00:00:01]} 19. Qd2 {[%clk 00:04:34]}
{[%emt 00:00:04]} Qf6 {[%clk 00:04:38]} {[%emt 00:00:03]} 20. Bb1 {[%clk
00:04:30]} {[%emt 00:00:06]} Bf5 {[%clk 00:04:36]} {[%emt 00:00:04]} 21. Rc5
{[%clk 00:04:08]} {[%emt 00:00:25]} Qg6 {[%clk 00:03:54]} {[%emt 00:00:44]} 22.
Bxf5 {[%clk 00:04:06]} {[%emt 00:00:03]} Qxf5 {[%clk 00:03:55]} 23. Rfc1 {[%clk
00:04:04]} {[%emt 00:00:04]} Qe6 {[%clk 00:03:47]} {[%emt 00:00:09]} 24. R1c3
{[%clk 00:03:38]} {[%emt 00:00:28]} Ne7 {[%clk 00:03:40]} {[%emt 00:00:10]} 25.
Bf4 {[%clk 00:02:55]} {[%emt 00:00:45]} Rxc5 {[%clk 00:03:26]} {[%emt
00:00:16]} 26. Rxc5 {[%clk 00:02:52]} {[%emt 00:00:04]} Rc8 {[%clk 00:03:28]}
27. Rxc8+ {[%clk 00:02:13]} {[%emt 00:00:41]} Qxc8 {[%clk 00:03:29]} {[%emt
00:00:02]} 28. Qb4 {[%clk 00:02:10]} {[%emt 00:00:04]} Qd7 {[%clk 00:03:29]}
{[%emt 00:00:02]} 29. Qb6 {[%clk 00:02:06]} {[%emt 00:00:06]} Nc6 {[%clk
00:03:21]} {[%emt 00:00:11]} 30. Kh2 {[%clk 00:01:56]} {[%emt 00:00:11]} f6
{[%clk 00:02:10]} {[%emt 00:01:13]} 31. b4 {[%clk 00:01:52]} {[%emt 00:00:06]}
Kf7 {[%clk 00:01:44]} {[%emt 00:00:28]} 32. a4 {[%clk 00:01:54]} {[%emt
00:00:01]} g5 {[%clk 00:01:29]} {[%emt 00:00:16]} 33. Bg3 {[%clk 00:01:49]}
{[%emt 00:00:06]} Ne7 {[%clk 00:01:25]} {[%emt 00:00:07]} 34. b5 {[%clk
00:01:37]} {[%emt 00:00:15]} axb5 {[%clk 00:01:25]} {[%emt 00:00:01]} 35. axb5
{[%clk 00:01:37]} {[%emt 00:00:02]} Nf5 {[%clk 00:01:15]} {[%emt 00:00:12]} 36.
Bb8 {[%clk 00:01:30]} {[%emt 00:00:10]} Ne7 {[%clk 00:00:56]} {[%emt 00:00:20]}
37. Qc5 {[%clk 00:01:15]} {[%emt 00:00:16]} Nc8 {[%clk 00:00:47]} {[%emt
00:00:12]} 38. Bg3 {[%clk 00:01:00]} {[%emt 00:00:16]} Ne7 {[%clk 00:00:48]}
{[%emt 00:00:02]} 39. Bd6 {[%clk 00:00:58]} {[%emt 00:00:04]} b6 {[%clk
00:00:37]} {[%emt 00:00:13]} 40. Qxb6 {[%clk 00:00:46]} {[%emt 00:00:14]} Nc8
{[%clk 00:00:38]} 41. Qc7 {[%clk 00:00:47]} {[%emt 00:00:01]} Ke6 {[%clk
00:00:28]} {[%emt 00:00:12]} 42. Qxd7+ {[%clk 00:00:46]} {[%emt 00:00:04]} Kxd7
{[%clk 00:00:29]} {[%emt 00:00:01]} 43. Bc5 {[%clk 00:00:46]} f5 {[%clk
00:00:22]} {[%emt 00:00:09]} 44. h4 {[%clk 00:00:46]} {[%emt 00:00:02]} g4
{[%clk 00:00:15]} {[%emt 00:00:10]} 45. Kg3 {[%clk 00:00:46]} {[%emt 00:00:01]}
Nd6 {[%clk 00:00:10]} {[%emt 00:00:07]} 46. Bxd6 {[%clk 00:00:47]} {[%emt
00:00:01]} Kxd6 {[%clk 00:00:11]} {[%emt 00:00:01]} 47. Kf4 {[%clk 00:00:48]}
Kc7 {[%clk 00:00:10]} {[%emt 00:00:03]} 48. Kxf5 {[%clk 00:00:48]} {[%emt
00:00:02]} Kb6 {[%clk 00:00:11]} 49. Ke5 {[%clk 00:00:49]} Kxb5 {[%clk
00:00:11]} {[%emt 00:00:04]} 50. Kxd5 {[%clk 00:00:50]} 1-0